000 01012nam a2200253 a 4500
005 2009080104574.0
008 080719s2008 ii b b 001 0 eng
010 _aENG-94600
020 _a9788170493143
_c295.00
035 _aEN-78133
037 _bDBAD / PUB
040 _adpl
_bEnglish
082 _a954.11
100 _aDewan, Parvez
245 _aA history of Ladâkh, Gilgit, Baltistan /
_cby Parvéz Dewân
246 _aLadâkh, Gilgit, Baltistan
246 _aParvez Dewan's a history of Ladâkh, Gilgit, Baltistan
260 _aNew Delhi
_bManas Publications
_c2008
270 _aB1/I-1 Mohan Cooperative Industrial Area, Mathura Road,
_bNew Delhi
_e110044
300 _a197 p. :
_bmaps ;
_c25cm(pbk)
500 _aIncludes bibliographical references and index
942 _2ddc
_cEN
_h954.11
_mDEW
999 _c28821
_d28821